LEADER 01177nam a2200265 i 4500 001 000000161657 003 CaOOAMICUS 005 20180914143136.0 008 070525s1964 it u000 u ita u 013 $a139020 040 $aSeMil$bita 100 1 $aSartre, Jean-Paul <1905-1980>.$0(OLS)http://semarc/name/526 240 14$aLes mains sales.$0(OLS)http://semarc/title/144884 245 13$aLe mani sporche /$cJean-Paul Sartre ; traduzione di Vittorio Sermonti ; con una intervista a J.-P. Sartre e una testimonianza di Simone de Beauvoir. 260 $aTorino :$bGiulio Einaudi,$c1964. 300 $a156 p. ;$c18 cm. 490 0 $aCollezione di teatro ;$v46 700 1 $aSermonti, Vittorio,$d<1929-2016>.$0(OLS)http://semarc/name/108166 700 1 $aBeauvoir, Simone : de,$d<1908-1986>.$0(OLS)http://semarc/name/951 830 0$aCollezione di teatro ;$v46.$0(OLS)http://semarc/title/6906 850 $aSeMil 852 $aSeMil$W1$xVenegono$y1$m1W I 317$j239401$B113043$CSeMilBibl$Z2$F123514 $81 996 $6245$aLe mani sporche$9(OLS)http://semarc/title/144883 996 $6260$aTorino :$bGiulio Einaudi$9(OLS)http://semarc/publisher/29810 LEADER 00953nam a2200205 i 4500 001 000000209450 003 CaOOAMICUS 005 20240509145636.0 008 111216s1753 it u000 u ita u 013 $a188240 040 $aSeMil$bita 100 1 $aMazzuchelli, Giovanni Maria,$d<1707-1765>.$0(OLS)http://semarc/name/11578 245 10$aVolume 1. Parte 2. 300 $a[4] p., P. 601-1297, [3] p. 500 $aSegn.: pg2 A-4R4 4S6. 773 0 $aMazzuchelli, Giovanni Maria <1707-1765>$tScrittori d'Italia cioč Notizie storiche, e critiche intorno alle vite, e agli scritti dei letterati italiani del conte Giammaria Mazzuchelli bresciano. Volume 1. Parte 1 [-volume 2. Parte 4.].$dIn Brescia : Presso Giambatista Bossini, 1753-1763.$g1$w()26016 850 $aSeMil 852 $aSeMil$W1$xVenegono$y1$m1O VII 2 FA$j159901$B159901$CSeMilBibl$Z2$F170934 $8I 996 $6245$aVolume 1. Parte 2$9(OLS)http://semarc/title/410300